000 01122nam a22003137a 4500
001 7461
003 FISKH
005 20250717142101.0
008 250717b cb ||||| |||| 00| 0 eng d
020 _a9788120748644
040 _aFISKH
_beng
_cFISKH
_dFISKH
050 _aPZ8.S34525 R
082 _a823.92
100 _aMoncure, Jane Belk
245 _aRumpelstiltskin /
_cIllustrations : Agusti Asesio , Adaptions : Eduard Jose , Retold by Jane Belk Moncure
260 _aNew Delhi :
_bSterling Publishers Private Limited ,
_c2010.
300 _a24 unnumbered pages :
_bcolor illustrations ;
_c21 cm.
490 _aClassic Tales
505 _aO
520 _aA strange little man helps the miller's daughter spin straw into gold for the king on the condition that she will give him her first-born child.
521 8 _a620
_bLexile
521 8 _aO
_bRaz-Plus
650 _aTraditional fantasy
_vJuvenile Literature
650 _aBrothers Grimm
_vJuvenile Literature
700 _aAsensio, Agusti
_eIllustrator
700 _dJose, Eduard
_eAdaptor
942 _2ddc
_cBK
_n0
999 _c7461
_d7461